000 00346 a2200169 4500
001 192524
020 _a978-85-16-08487-5
040 _cMagnum
100 _aGovan, Nina
240 1 0 _aMargô e mô
_lpor
245 1 0 _aMargô e mô
300 _a10
362 0 _a2013
440 1 _aSalamandra
697 _aLITERATURA INFANTIL
942 _cBK
999 _c192524
_d192524